000 00386nam a2200133Ia 4500
005 20260326235501.0
008 260326s9999||||xx |||||||||||||| ||und||
100 _aEncyclopédie d'Outre-Mer
245 0 _aDans la Lumiere des cités africanes :
_b Afrique du Nord /
_cEncyclopédie d'Outre-Mer
260 _bEncyclopédie d'Outre-Mer
300 _a415 p.
650 _aAFRICA
942 _cBK
999 _c8069
_d8069